000 00212nam a2200097Ia 4500
008 240331s9999 xx 000 0 und d
082 _bGNA
100 _aGnani
245 0 _aMarxism thedalum thiranayagum
942 _cL
999 _c4613
_d4613